000 00295nam a2200133Ia 4500
100 _aPerry/J.T./ Lateer/J.G.
942 _cBK
654 _aUnderstanding Oracle
245 _aUnderstanding Oracle
260 _bB.P.B Pub.
_aNEW DELHI
_c1992
300 _a634
546 _aENGLISH
999 _c19188
_d19188